| 000 | 01893cam a2200457 a 4500 | ||
|---|---|---|---|
| 999 |
_c128061 _d128061 |
||
| 001 | 14418956 | ||
| 003 | ARRUPE | ||
| 005 | 20180903085738.0 | ||
| 008 | 060619s2007 enk b 001 0 eng | ||
| 010 | _a 2006020182 | ||
| 015 |
_aGBA669887 _2bnb |
||
| 016 | 7 |
_a013531777 _2Uk |
|
| 020 | _a9780415281102 | ||
| 020 | _a0415281105 | ||
| 020 | _a9780415281119 (pbk.) | ||
| 020 | _a0415281113 (pbk.) | ||
| 020 | _a020364297X (ebk.) | ||
| 020 | _a9780203642979 (ebk.) | ||
| 035 | _a(OCoLC)ocm70174901 | ||
| 035 |
_a(OCoLC)70174901 _z(OCoLC)166379587 |
||
| 040 |
_aDLC _cDLC _dUKM _dBAKER _dBTCTA _dYDXCP _dBWKUK _dBWK _dDLC |
||
| 050 | 0 | 0 |
_aB2784 _b.W53 2007 |
| 082 | 0 | 0 |
_a121 _222 |
| 100 | 1 |
_aWicks, Robert, _d1954- _96825 |
|
| 245 | 1 | 0 |
_aRoutledge philosophy guidebook to Kant on judgment / _cRobert Wicks. |
| 246 | 3 | 0 | _aKant on judgment |
| 260 |
_aLondon ; _aNew York : _bRoutledge, _c2007. |
||
| 300 |
_axvi, 290 p. ; _c21 cm. |
||
| 440 | 0 |
_aRoutledge philosophy guidebooks _941868 |
|
| 504 | _aIncludes bibliographical references (p. [262]-279) and index. | ||
| 600 | 1 | 0 |
_aKant, Immanuel, _d1724-1804. _tKritik der Urteilskraft. _913823 |
| 650 | 0 |
_aJudgment (Logic) _913825 |
|
| 650 | 0 |
_aJudgment (Aesthetics) _921065 |
|
| 650 | 0 |
_aAesthetics. _941869 |
|
| 650 | 0 |
_aTeleology. _913827 |
|
| 906 |
_a7 _bcbc _corignew _d1 _eecip _f20 _gy-gencatlg |
||
| 942 |
_2lcc _cMONOGRAPH |
||